01099nam a22001577a 4500008004100000040005500041080001800096245005900114260008400173300002300257500051300280650001700793653003000810653003700840710006400877230208b |||||||| |||| 00| 0 eng d aNational Science LibrarycNational Science Library a63(047)bL6.4 aReport of the national commission on agriculture 1976  aNew Delhi: bGovernment of India Ministry of Agriculture and Irrigation, c1976 axiv, 638p. bMaps  aVol. 1 (Review and progress) Vol. 2 (Policy and strategy) Vol. 3 (Demand and supply) Vol. 4 (Climate and agriculture) Vol. 5 (Resource development) Vol. 6 (Crop production, sericulture and apiculture) Vol. 7 (Animal husbandry) Vol. 8 (Fisheries) Vol. 9 (Forestry) Vol. 10 (Inputs) Vol. 11 ( Research, education and extension) Vol. 12 (Supporting services and incentives) Vol. 13 (Rural employment and special area programmes) Vol. 14 (Planning, statistics and administration) Vol. 15 (Agrarian reforms)  aAgriculture  aCrop weather relationship aMeteorology and crop production  aGovernment of India Ministry of Agriculture and Irrigation